Southville International School and Colleges
Your cart is empty.
  • Cart
  • Lists
    Public lists Eva Luna New books Lux_list list_1
    Your lists Log in to create your own lists
  • Log in to your account
  • Your cookies
  • Search history
Southville International School and Colleges
  • Advanced search
  • Recent comments
  • Most popular
  • Libraries

Log in to your account

Log in with GOOGLE


If you do not have an external account, but do have a local account, you can still log in:

  1. Home
  2. MARC view: The earth's surface /
Normal view MARC view ISBD view

The earth's surface / (Record no. 113837)

[ view plain ]
MARC details
000 -LEADER
fixed length control field 00585nam a2200193 a 4500
001 - CONTROL NUMBER
control field 2012
005 - DATE AND TIME OF LATEST TRANSACTION
control field 20140414132040.0
008 - FIXED-LENGTH DATA ELEMENTS--GENERAL INFORMATION
fixed length control field 050216s19uu xx 00 eng d
020 ## - INTERNATIONAL STANDARD BOOK NUMBER
International Standard Book Number 0-8136-7299-6
050 ## - LIBRARY OF CONGRESS CALL NUMBER
Classification number BB
Item number EA7 1993
100 ## - MAIN ENTRY--PERSONAL NAME
Personal name Walker Colin
245 ## - TITLE STATEMENT
Title The earth's surface /
Statement of responsibility, etc written by Colin Walker ; illustrated by Sally Simons.
260 ## - PUBLICATION, DISTRIBUTION, ETC. (IMPRINT)
Place of publication, distribution, etc Cleveland, Ohio :
Name of publisher, distributor, etc Modern Curriculum Press,
Date of publication, distribution, etc 1993.
300 ## - PHYSICAL DESCRIPTION
Extent 16 p. : ill. ; cm.
440 ## - SERIES STATEMENT/ADDED ENTRY--TITLE
Title Concept Science
650 ## - SUBJECT ADDED ENTRY--TOPICAL TERM
Topical term or geographic name as entry element Earth
General subdivision Juvenile literature.
650 ## - SUBJECT ADDED ENTRY--TOPICAL TERM
Topical term or geographic name as entry element Sciences
General subdivision Juvenile literature.
Holdings
Withdrawn status Lost status Damaged status Use restrictions Home library Current library Shelving location Date acquired Source of acquisition Total Checkouts Full call number Barcode Date last seen Price effective from Koha item type
        Munich Library Munich Library Big Books Section 02/16/2005     BB EA7 1993 M5492 04/14/2014 04/14/2014 Books

The earth's surface /

APA

Walker Colin, . (1993). The earth's surface. Cleveland, Ohio: Modern Curriculum Press.

Chicago

Walker Colin, . 1993. The earth's surface. Cleveland, Ohio: Modern Curriculum Press.

Harvard

Walker Colin, . (1993). The earth's surface. Cleveland, Ohio: Modern Curriculum Press.

MLA

Walker Colin, . The earth's surface. Cleveland, Ohio: Modern Curriculum Press. 1993.

  • Place hold
  • Print
  • Cite
  • Add to your cart (remove)
  • Save record
    BIBTEX Dublin Core MARCXML MARC (non-Unicode/MARC-8) MARC (Unicode/UTF-8) MARC (Unicode/UTF-8, Standard) MODS (XML) RIS
  • More searches
    Search for this title in:
    Other Libraries (WorldCat) Other Databases (Google Scholar) Online Stores (Bookfinder.com) Open Library (openlibrary.org)

Exporting to Dublin Core...

SOUTHVILLE LIBRARY

Southville International School and Colleges Library

1281 Tropical Ave. Cor. Luxembourg St., BF Homes International, Las Pinas City

Tel. No. 8256374 / 252358 Loc. 117/146

Powered by Koha